U.S. - Spain Mails Via British Convention, 1849-1876 (Record no. 1241)

000 -LEADER
fixed length control field 00319nam a22001217a 4500
003 - CONTROL NUMBER IDENTIFIER
control field OSt
008 - FIXED-LENGTH DATA ELEMENTS--GENERAL INFORMATION
fixed length control field 150418b xxu||||| |||| 00| 0 eng d
041 ## - LANGUAGE CODE
Language code of text/sound track or separate title eng
100 1# - MAIN ENTRY--PERSONAL NAME
Personal name Winter, Richard F.
245 10 - TITLE STATEMENT
Title U.S. - Spain Mails Via British Convention, 1849-1876
260 ## - PUBLICATION, DISTRIBUTION, ETC. (IMPRINT)
Name of publisher, distributor, etc. U.S. Philatelic Classics Society
300 ## - PHYSICAL DESCRIPTION
Extent 0 pages
Holdings
Withdrawn status Lost status Source of classification or shelving scheme Damaged status Not for loan Permanent Location Current Location Shelving location Date acquired Total Checkouts Full call number Barcode Date last seen Price effective from Koha item type
          Northern Philatelic Library Northern Philatelic Library Vertical File 07/21/2022   V3700 A11 W784 1001523 07/21/2022 07/21/2022 Books

Powered by Koha